Normal view
MARC view
- Veronika Schnorr, Peter Terrell
Entry Personal Name
001 - CONTROL NUMBER
- control field: 134347
003 - CONTROL NUMBER IDENTIFIER
- control field: NUST
005 - DATE AND TIME OF LATEST TRANSACTION
- control field: 20260506125913.0
008 - FIXED-LENGTH DATA ELEMENTS
- fixed length control field: 260506|| aca||aabn | a|a d
040 ## - CATALOGING SOURCE
- Original cataloging agency: NUST
- Transcribing agency: NUST
100 ## - HEADING--PERSONAL NAME
- Personal name: Veronika Schnorr, Peter Terrell
670 ## - SOURCE DATA FOUND
- Source citation: Work cat.: (NUST): Veronika Schnorr, Peter Terrell., Collins German Dictionary : German-English, English-German /, 1980.
